| 000 | 00431cam a2200169ua 4500 | ||
|---|---|---|---|
| 001 | 2305 | ||
| 008 | 110804n ii |||gr||||Z||||||asm | ||
| 040 | _cMAIN | ||
| 100 | 1 |
_aBhattacharyya, _eAuthor. |
|
| 245 | 1 |
_aAdhunik bharatia siksha sahayika _cby Bhattacharyya |
|
| 250 | _a1st. | ||
| 260 |
_aGuahati: _bBook Land. |
||
| 300 | _aii; 240p:9cm. | ||
| 653 | _aEducation | ||
| 653 | _aAdhunik bharatia siksha sahayika | ||
| 942 | _cBK | ||
| 999 |
_c2167 _d2167 |
||